| 000 | 00892nam a2200229 a 4500 | ||
|---|---|---|---|
| 001 | 82573 | ||
| 003 | BD-RjUL | ||
| 005 | 20231228151556.0 | ||
| 008 | 231228s2015 bg ||||| |||| 00| 0 ben d | ||
| 035 | _a(BD-RjUL)82573 | ||
| 040 |
_aBD-RjUL _beng _cBD-RjUL |
||
| 041 | _aben | ||
| 082 |
_223 _a891.444 _bSAK 2015 |
||
| 100 |
_aসাত্তার, সরদার আবদুস _910773 |
||
| 245 |
_a কথা সাহিত্যের আঙিনায় দাঁড়িয়ে / _cসরদার আবদুস সাত্তার |
||
| 250 | _a২য় সং. | ||
| 260 |
_aঢাকা : _bসুচয়নী পাবলিশার্স, _c২০১৫ |
||
| 300 |
_a৩৮৪ পৃ.; _c২২ সেমি. |
||
| 650 |
_aবাংলা সাহিত্য _xপ্রবন্ধ _9681 |
||
| 650 |
_aBengali Literature _xEssays _910778 |
||
| 942 |
_2ddc _cBK |
||
| 999 |
_c82573 _d82573 |
||